| 000 | 01051cab a2200277 4500 | ||
|---|---|---|---|
| 001 | ABS60065 | ||
| 008 | 090401t1999 xxu||||| |||| 00| 0 eng d | ||
| 035 | _a(Sirsi) u90939 | ||
| 041 | _aeng | ||
| 100 | _aJohnston, B. | ||
| 245 | _aTask force fills the gap in city politics | ||
| 260 | _c1999 | ||
| 350 | _a0 | ||
| 490 |
_aPlanning (for the Natural and Built Environment) _v(1302) 22 January 1999, 14-15(2) |
||
| 520 | _aAn examination of the Urban Task Force and how it is developing its role, following the publication of its interim report last week. The report suggests that urban regeneration requires targeted public investment and a radical policy agenda. Copies of "Urban renaissance - sharing the vision" are available free from the DETR on 0870 1226 236. | ||
| 650 | _aDEVELOPMENT | ||
| 650 | _aINTERIM REPORTS | ||
| 650 | _aREGENERATION | ||
| 650 | _aURBAN AREAS | ||
| 650 | _aURBAN HOUSING | ||
| 650 | _aURBAN PLANNING | ||
| 650 | _aURBAN TASK FORCE | ||
| 690 | _aURBAN RENEWAL | ||
| 942 | _n0 | ||
| 948 | _c27/01/1999 | ||
| 999 |
_c57694 _d57694 |
||